- Ernst Fischer: A fiatal nemzedék problémái. Gondolat K., 1964.
Elmentve itt :
| Szerző: | |
|---|---|
| Adatforrás: | Philobibl |
| Forrásdokumentuma: | Valóság 7 1964/8., 99-100. p. |
| Dokumentumtípus: | Cikk |
| Nyelv: | magyar |
| LEADER | 00317nab a2200097 c 4500 | ||
|---|---|---|---|
| 001 | bibDOK00010565 | ||
| 005 | 20200924120604.7 | ||
| 008 | 060518s1964 hu hun | ||
| 100 | 1 | |a Erőss László | |
| 245 | 1 | 0 | |a - Ernst Fischer: A fiatal nemzedék problémái. Gondolat K., 1964. |c Erőss László |
| 773 | 0 | |t Valóság 7 |g 1964/8., 99-100. p. | |